000 00626 a2200181 4500
010 _aENG-86060
020 _a0070621077
_c495.00
035 _aEN-69593
037 _bD.B.Act / Pub
082 1 4 _a658.4012
100 1 _aVaman, Jagan Nathan
245 1 _aERP in practice :
_cby Jagan Nathan Vaman
_bERP strategies for steering organizational competence and competitive advantage /
260 _aNew Delhi
_bTata Mc-Graw Hill Publishing
_c2007
270 _a7, West Patel Nagar
_bNew Delhi
_e110 008
300 _axi, 436 p.
_c22 cm. (Hb.)
500 _aIncludes index
942 _adpl
_cEN
_2ddc
_h658.4012
_mVAM
999 _c4077
_d4077